Europe et Afrique - Statistiques

Statistiques générales
  • Ce quiz a été pris 55 fois
  • Le résultat moyen est 8 sur 15
Statistiques - réponses
Hint Réponse % Correct
warm algerie
86%
warm maroc
84%
cold norvege
67%
warm tunisie
67%
cold russie
65%
cold suede
63%
warm mali
61%
warm espagne
57%
cold finland
57%
warm portugal
53%
warm mauritanie
47%
warm somalie
22%
cold belgique
16%
warm chad
6%
warm libya
2%
Aucun quiz correspondant
Distribution des résultats
% des personnes avec chaque résultat
Percentile par nombre de réponses
Votre historique - résultats
Vous n’avez pas pris ce quiz